Szczegóły MARC21

Ekonometria stosowana : skrypt dla słuchaczy kierunków ekonomicznych studiów stacjonarnych i zaocznych /

003 -Nazwa inst., której nr kontr. jest w polu 001 [,]
    • @
    • Nazwa instytucji, której n kontrolny jest w polu 001
    • NUKAT
005 -DATA I CZAS OSTATNIEJ MODYFIKACJI [,]
    • @
    • pole kontrolne
    • 20251007140505.0
040 -Instytucja sporządzająca opis [ , ]
    • a
    • Instytucja, która sporządziła opis (NP)
    • GD U/EN
    • c
    • Instytucja, która sporządziła rekord (NP)
    • GD U/ENs
942 -Rodzaj dokumentu [ , ]
    • c
    • Rodzaj dokumentu
    • Książka
100 -Hasło główne - nazwa osobowa [1, ]
    • a
    • Nazwa osobowa (NP)
    • Hozer, Józef
    • d
    • Daty biograficzne (NP)
    • (1948-2023).
    • 9
    • KHW
    • 7277
245 -Strefa tytułu i oznaczenia odpowiedzialności [1,0]
    • a
    • Tytuł
    • Ekonometria stosowana : Find
    • b
    • Ciąg dalszy tytułu (NP)
    • skrypt dla słuchaczy kierunków ekonomicznych studiów stacjonarnych i zaocznych / Find
    • c
    • Pozostałe elementy strefy tytułu i oznaczenia odpowiedzialności (NP)
    • Józef Hozer, Jan Zawadzki ; Uniwersytet Szczeciński.
250 -Strefa wydania [ , ]
    • a
    • Oznaczenie wydania (NP)
    • Wyd. 2.
260 -Strefa adresu wydawniczego [ , ]
    • a
    • Miejsce wydania (P)
    • Szczecin :
    • b
    • Nazwa wydawcy (P)
    • Wydawnictwa Naukowe US,
    • c
    • Data wydania (P)
    • 1988.
300 -Strefa opisu fizycznego [ , ]
    • a
    • Określenie formy książki i/lub objętość (NP)
    • 459 s. :
    • b
    • Oznaczenie ilustracji (NP)
    • wykr. ;
    • c
    • Format (NP)
    • 25 cm.
336 -Typ zawartości [ , ]
    • a
    • Termin opisujący typ zawartości
    • Tekst
    • b
    • Kod określający zawartość
    • txt
    • 2
    • Źródło (terminu i kodu)
    • rdacontent
337 -Typ mediów [ , ]
    • a
    • Tryb odtwarzania
    • Bez urządzenia pośredniczącego
    • b
    • Kod typu mediów
    • n
    • 2
    • Źródło (terminu i kodu)
    • rdamedia
338 -Typ/rodzaj nośnika [ , ]
    • a
    • Hasło opisujące typ nośnika
    • Wolumin
    • b
    • Kod typu nośnika
    • nc
    • 2
    • Źródło (terminu i kodu)
    • rdacarrier
504 -Uwaga dot. bibliogr. załącznikowej [ , ]
    • a
    • Uwaga dot. bibliografii załącznikowej
    • Bibliogr. s. 450-459.
080 -Uniwersalna Klasyfikacja Dziesiętna [ , ]
    • a
    • Symbol klasyfikacji
    • 330.43
    • 2
    • Identyfikator wydania tablic
    • UDC-P058
    • 9
    • UKD
    • 2972
    • b
    • Dopowiedzenie
    • Ekonometria.
    • 4
    • UKD2
    • 7665
    • x
    • Poddział wspólny
    • (075.8)
    • c
    • Dopowiedzenie poddz. wspólnego
    • (Podręczniki dla szkół wyższych. Skrypty).
650 -Hasło przedmiotowe [ ,7]
    • a
    • Hasło przedmiotowe
    • Ekonometria
    • v
    • Określnik formalny
    • podręczniki akademickie.
    • 2
    • Źródło terminu
    • kaba
    • 9
    • KHW
    • 354175
980 -Symbol UKD [ , ]
    • a
    • UKD
    • 330.43(075.8)
700 -Hasło dodatkowe - nazwa osobowa [1, ]
    • a
    • Nazwa osobowa (NP)
    • Zawadzki, Jan Find
    • c
    • Dopowiedzenie inne niż daty biograficzne (NP)
    • (ekonomia).
    • 9
    • KHW
    • 59505
Numer inwentarzowy Status udost. Lokalizacja Data inwentaryzacji
S.737112BE1996-10-03
S.737122BE1996-10-03
S.737132BE1996-10-03
S.737142BE1996-10-03
S.737152BE1996-10-03
S.737162BE1996-10-03
S.737172BE1996-10-03
S.719352BE1996-10-03
S.720132BE1996-10-03
S.720142BE1996-10-03
S.720152BE1996-10-03
S.720162BE1996-10-03
S.720172BE1996-10-03
S.720182BE1996-10-03
S.720192BE1996-10-03
S.720202BE1996-10-03
S.720212BE1996-10-03
S.720222BE1996-10-03
S.720232BE1996-10-03
S.720242BE1996-10-03
S.707502BE1996-10-03
S.707512BE1996-10-03
S.707522BE1996-10-03
S.707532BE1996-10-03
S.707542BE1996-10-03
S.707552BE1996-10-03
S.707562BE1996-10-03
S.777052BE1996-10-03
S.77706-3BE1996-10-03
S.777072BE1996-10-03
S.777082BE1996-10-03
S.633522BE1996-10-03
S.633532BE1996-10-03
S.633542BE1996-10-03
S.633552BE1996-10-03
S.633562BE1996-10-03
S.633572BE1996-10-03
S.633582BE1996-10-03
S.633592BE1996-10-03
S.633602BE1996-10-03
S.633612BE1996-10-03
S.63362-6BE1996-10-03
S.633632BE1996-10-03
S.633642BE1996-10-03
S.633652BE1996-10-03
S.633662BE1996-10-03
S.633672BE1996-10-03
S.633682BE1996-10-03
S.633692BE1996-10-03
S.633702BE1996-10-03
S.633712BE1996-10-03
S.633722BE1996-10-03
S.633732BE1996-10-03
S.633742BE1996-10-03
S.633752BE1996-10-03
S.633762BE1996-10-03
S.633772BE1996-10-03
S.633782BE1996-10-03
S.633792BE1996-10-03
S.633802BE1996-10-03
S.633812BE1996-10-03
S.633822BE1996-10-03
S.633832BE1996-10-03
S.633842BE1996-10-03
S.633852BE1996-10-03
S.633862BE1996-10-03
S.792532BE1996-10-03
S.792542BE1996-10-03
S.792552BE1996-10-03
S.792562BE1996-10-03
S.79257-6BE1996-10-03
S.792582BE1996-10-03
S.792592BE1996-10-03
S.80524-6BE1997-06-20
S.805252BE1997-06-20
S.809412BE1997-10-01
S.809422BE1997-10-01
E.574682BE1996-10-03
TS.72026-3T1996-10-03
TS.72027-3T1996-10-03
TS.72028-3T1996-10-03
TS.72025-3T1996-10-03